00454nam a2200145Ia 4500003000400000005001700004008004000021040000700061041001200068082001900080100006900099245008800168260004400256300000800300OSt20250710163351.0210210b1994 xxu||||| |||| 00| 0 eng d cAL aKannada aK494.0146 LOKH aLOKAPURA (Ram Sha).dರಂ. ಶಾ. ಲೋಕಾಪುರ aHalagannada mattu maratibಹಳೆಗನ್ನಡ ಮತ್ತು ಮರಾಠಿ  aHampi.bKannada Vishvavidyalaya.,c1994 a347